000 00299pab a2200109 454500
008 180718b xxu||||| |||| 00| 0 eng d
100 _aEaston, Brian
245 _a"Government management"; a review of its political content
650 _aNew Zealand - Government
773 _aPolitical Science
909 _a741
999 _c741
_d741